000 00680nam a2200289Ia 4500
005 20260324111243.0
008 008 260324s9999 xx 000 0 eng d
020 _a9781003614241
037 _aEBOOK
040 _aCRL
040 _beng
040 _cCRL
041 _2eng
041 _aeng
084 _qCRL
100 _aAndré de Palma; Luc Leruth
_91137790
245 0 _aFilmonomics
245 0 _bEconomists Discuss the Silver Screen
260 _bTaylor and Francis
260 _c2025
365 _a
365 _b230
856 _uhttp://www.taylorfrancis.com/books/9781003614241
942 _cEBOOK
999 _c1726550
_d1726550